• 首页
  • 本馆介绍
  • 公告通知
  • 最新文献
  • 馆藏检索
  • 电子资源
  • 读者导购
  • 参考咨询
  • 我的图书馆
  • 登录
  • 详细信息显示
  • 放入我的书架
  • 预约/预借图书
  • 作者相关作品
  • 分类相关作品
  • 丛书相关作品
  • 出版社相关作品

书目信息

  • 表格格式
  • 工作单格式
  • 卡片格式
题名:
古典文学理论之最
    
 
作者: 孙英 编著
分册:  
出版信息: 石家庄   花山文艺出版社  1987.4
页数: 343页
开本: 20cm
丛书名:
单 册:
中图分类: I206.2
科图分类:
主题词: 古典文学--文学研究--中国 , 古典文学--文学评论--中国
电子资源:
ISBN:
000 00584nam0 2200205 45
001 0312221749
005 20050401110340.1
010    @dCNY1.95
100    @a20031222d1987 km y0chiy0120 ea
101    @achi
105    @a z 000yy
200 1  @a古典文学理论之最@AGu Dian Wen Xue Li Lun Zhi Zui@f孙英编著@FSun Ying Bian Zhu
210    @a石家庄@c花山文艺出版社@d1987.4
215    @a343页@d20cm
606 0  @a古典文学@x文学研究@y中国
606 0  @a古典文学@x文学评论@y中国
690    @aI206.2@v3
701 0  @a孙英@4编著
801    @aCN@bTSTCL@c20031222
905    @dI206.2@e105@b204816@f1
    
    古典文学理论之最/孙英编著.-石家庄:花山文艺出版社,1987.4
    343页;20cm
    
    
    ISBN :CNY1.95
    
●
相关链接 在E读中查询图书 在五车中查询图书 在当当中查询图书 在豆瓣中查询图书


正题名:古典文学理论之最     索取号:I206.2/105         预约/预借

序号 登录号 条形码 馆藏地/架位号 状态 备注
1 0204814   000049165   第二借阅区/ [索取号:I206.2/105] 在馆    
2 0204815   000049147   第二借阅区/ [索取号:I206.2/105] 在馆    
3 0204816   002016222   第二借阅区/ [索取号:I206.2/105] 在馆    
4 0204817   000049156   第二借阅区/ [索取号:I206.2/105] 在馆    
5 0204818   202073914   第一样本阅览室/ [索取号:I206.2/105] 在馆    
唐山师范学院图书馆 欢迎您!
大连网信软件有限公司© 版权所有